01375nam a2200361 i 450000100060000000300100000600500170001600700030003300800410003602000180007704000350009504100080013008400110013824502030014925000230035226400470037530000470042233600270046933700330049633800280052952100680055765000290062565000410065465000500069565000580074565000410080370000270084470000370087170000350090870000190094370000190096270000320098157530CO-BoRNBP20250710121557.0ta231210s2023 ck a|||ar|||| 00||p spa d a9786289602203 aCO-BoRNBPbspaerdacCO-BoRNBP0 aspa aP TIE400aTierra en-tonadabcantos y cuentos en comunidad celebrando la tierra y las raícescDiana Patricia Caicedo Valois ... [y otros cinco] ; ilustraciones de Natalia Rojas Castro ... [y otros once aEdición especial 1aBogotá, ColombiabEditorial Tagigoc2023 a54 páginasbilustraciones a colorc24 cm atextobtxt2rdacontent asin mediaciónbn2rdamedia avolumenbnc2rdacarrier aRecomendado para un público infantil a partir de los 6 años17aFolclor indígena2LEMB17aLibros ilustrados para niños2LEMB17aPoesía infantil colombianaySiglo XXI2LEMB17aIndigenas de ColombiaxVida social y costumbres2LEMB17aLiteratura infantil colombiana2LEMB aDíaz Pérez, Mirian aMarquínez Angulo, Reina Dayana aLuna Beltrán, Luisa Fernanda aGaitán, Aura aJiménez, Edi aMúñoz Cárdenas, Paloa